Do jedzenia na literę Sz lub S - Statystyki

Ogólne statystyki
  • Ten quiz został rozwiązany 311 razy
  • Średni wynik to 9 z 36
Statystyki odpowiedzi
Odpowiedź % Poprawnych
Ser
86%
Sałata
65%
Sos
49%
Salami
46%
Seler
45%
Sałatka
43%
Szpinak
42%
Szczaw
41%
Sok
40%
Spaghetti
39%
Sushi
36%
Szczypior
35%
Schabowy
33%
Serek
33%
Smalec
32%
Stek
25%
Stek
25%
Salceson
23%
Słonina
23%
Szparagi
23%
Słodycze
19%
Sandacz
18%
Serdelki
17%
Soja
17%
Szczupak
16%
Sezamki
13%
Soczewica
13%
Suchary
8%
Sękacz
7%
Śliwki
6%
Szyszki
6%
Shake
5%
Smoczy Owoc
5%
Strogonow
5%
Saszłyk
3%
Syrop Klonowy
3%
Nie znaleziono quizów pasujących do podanych kryteriów
Rozkład punktacji
Procent ludzi z każdym wynikiem
Percentyl według liczby udzielonych odpowiedzi
Twoja historia wyników
Nie rozwiązałeś tego quizu